000 00490nam a22001817a 4500
003 CEME
005 20210628203502.0
008 210316b xxu||||| |||| 00| 0 eng d
020 _a0-02-329962-2
040 _c.
082 _a629.83 DOR'L
100 _aAbdullah, Chaouki , Dorato, Peter
_965745
245 _aLinear quaderatic control , an introduction
260 _aNEWJERSCY
_bPRENTICE HALL
_c1995
300 _a205P
650 _aFEEDBACK CONTROL SYSTEMS
_944546
942 _cBK
_2ddc
999 _c573868
_d573868